| 000 | 00647nam a22002057a 4500 | ||
|---|---|---|---|
| 999 |
_c7335 _d7335 |
||
| 001 | 6220 | ||
| 003 | BD-DhUAP | ||
| 005 | 20210119143628.0 | ||
| 008 | 210119r19812001ii a|||| |||| 00| 0 eng d | ||
| 020 | _a8172233884 | ||
| 040 |
_aBD-DhUAP _bEng _cBD-DhUAP _dBD-DhUAP |
||
| 082 |
_223 _a398.245095414 RAY |
||
| 100 | _aRaychaudhuri, Upendrakishore. | ||
| 245 |
_aThe stupid tiger and other tales / _cUpendrakishore Raychaudhuri ; translated by Radice William. |
||
| 260 |
_aIndia : _bHarper Collins, _cc1981 [2001]. |
||
| 300 |
_a113 pages : _billustrations ; _c20 cm. |
||
| 650 | _aTales, Bengali. | ||
| 700 | _aRadice, William. | ||
| 942 |
_2ddc _cBK |
||